Insecte ou pas insecte ? - Statistiques

Statistiques générales
  • Ce quiz a été pris 151 fois
  • Le résultat moyen est 14 sur 20
Statistiques - réponses
Hint Explanation Réponse % Correct
La Coccinelle C'est un coléoptère, donc bien un insecte. Insecte
96%
Le Moustique-tigre Les moustiques sont des insectes. Insecte
91%
La Fourmi C'est bien un insecte. Insecte
89%
La Crevette C'est un crustacé. Pas insecte
89%
La Mante religieuse C'est bien un insecte. Insecte
85%
Le Phasme C'est un insecte aux capacités de camouflage extraordinaires. Insecte
84%
La Puce C'est un insecte qui peut se nourrit du sang des animaux, dont l'humain. Insecte
83%
La Punaise de lit Comme toutes les punaises, c'est bien un insecte. Insecte
81%
La Termite C'est bien un insecte. Insecte
80%
L'Escargot C'est un gastéropode, une classe de mollusques. Pas insecte
78%
Le Scorpion C'est un arachnide. Pas insecte
72%
L'Araignée C'est un arachnide. Pas insecte
72%
Le Ver de terre C'est un annélide. Pas insecte
70%
Le Fourmilier C'est un mammifère. Pas Insecte
69%
La Chenille C'est la larve du papillon, donc un insecte. Insecte
59%
L'Acarien C'est un arachnide. Pas Insecte
49%
Le Mille-pattes C'est le nom commun de la classe des myriapodes. Pas insecte
41%
Le Cloporte C'est un crustacé terrestre. Pas insecte
39%
Le Poisson d'argent C'est un insecte qui détruit parfois les livres. Insecte
37%
La Tique C'est un arachnide. Pas insecte
28%
Aucun quiz correspondant
Distribution des résultats
% des personnes avec chaque résultat
Percentile par nombre de réponses
Votre historique - résultats
Vous n’avez pas pris ce quiz